• 首页
  • 本馆介绍
  • 公告通知
  • 最新文献
  • 馆藏检索
  • 电子资源
  • 读者导购
  • 参考咨询
  • 我的图书馆
  • 登录
  • 详细信息显示
  • 放入我的书架
  • 预约/预借图书
  • 作者相关作品
  • 分类相关作品
  • 丛书相关作品
  • 出版社相关作品

书目信息

  • 表格格式
  • 工作单格式
  • 卡片格式
题名:
野蛮生存
    
 
作者: 李凯旋 著
分册:  
出版信息: 沈阳   辽宁人民出版社  2019
页数: 243页
开本: 21cm
丛书名:
单 册:
中图分类: F272.2
科图分类:
主题词: 企业管理--创业
电子资源:
ISBN: 978-7-205-09422-5
000 01092nam0 2200241 450
001 2166801008
005 20210407183324.76
010    @a978-7-205-09422-5@b精装@dCNY45.00
100    @a20190510d2019 em y0chiy0110 ea
101 0  @achi
102    @aCN@b210000
105    @ay z 000yy
200 1  @a野蛮生存@9ye man sheng cun@dHow to survive in the competition@e创业不是从0到1,而是从1到9@f李凯旋著@zeng
210    @a沈阳@c辽宁人民出版社@d2019
215    @a243页@d21cm
330    @a本书精选扎克伯格、稻盛和夫、马云、刘强东、任正非、俞敏洪等全球商界大佬的经营案例,在分析总结这些企业家的成败得失的过程中,清晰呈现了现代商业社会下,成功者们共循的商道铁律。同时,本书也让人们清楚的看到,在互联网2.0时代,商战已经不再是简单的产品、价格、渠道之战,而是复杂多变的认知之战,在这个战场中,所有人都在离经叛道,所有人都在改变规则,所有人都在追赶未来。
510 1  @aHow to survive in the competition@zeng
517 1  @a创业不是从0到1,而是从1到9
606 0  @a企业管理@x创业
690    @aF272.2@v5
701  0 @a李凯旋@9li kai xuan@4著
801  0 @aCN@b91MARC@c20190510
905    @aZUCC@dF272.2@e14
    
    野蛮生存=How to survive in the competition:创业不是从0到1,而是从1到9/李凯旋著.-沈阳:辽宁人民出版社,2019
    243页;21cm
    
    
    ISBN 978-7-205-09422-5(精装):CNY45.00
    本书精选扎克伯格、稻盛和夫、马云、刘强东、任正非、俞敏洪等全球商界大佬的经营案例,在分析总结这些企业家的成败得失的过程中,清晰呈现了现代商业社会下,成功者们共循的商道铁律。同时,本书也让人们清楚的看到,在互联网2.0时代,商战已经不再是简单的产品、价格、渠道之战,而是复杂多变的认知之战,在这个战场中,所有人都在离经叛道,所有人都在改变规则,所有人都在追赶未来。
●
相关链接 在五车中查询图书 在当当中查询图书 在豆瓣中查询图书


正题名:野蛮生存     索取号:F272.2/14         预约/预借

序号 登录号 条形码 馆藏地/架位号 状态 备注
1 2000880322   2000880322   第二书库/ [索取号:F272.2/14] 在馆    
2 2000880323   2000880323   第二书库/ [索取号:F272.2/14] 在馆    
3 2000880324   2000880324   第二书库/ [索取号:F272.2/14] 在馆    
山东省滨州职业学院图书馆 欢迎您!
大连网信软件有限公司© 版权所有